Animation (Record no. 2251)

000 -LEADER
fixed length control field 00346nam a2200145Ia 4500
008 - FIXED-LENGTH DATA ELEMENTS--GENERAL INFORMATION
fixed length control field 180730s9999||||xx |||||||||||||| ||und||
020 ## - INTERNATIONAL STANDARD BOOK NUMBER
International Standard Book Number 9781581153019
082 ## - DEWEY DECIMAL CLASSIFICATION NUMBER
Classification number 791.433
Item number BEC/A
100 ## - MAIN ENTRY--PERSONAL NAME
Personal name Beckerman, Howard
245 #0 - TITLE STATEMENT
Title Animation
250 ## - EDITION STATEMENT
Edition statement Revised Edition
260 ## - PUBLICATION, DISTRIBUTION, ETC.
Place of publication, distribution, etc. New yark
Name of publisher, distributor, etc. AllworthPress
Date of publication, distribution, etc. 2012
300 ## - PHYSICAL DESCRIPTION
Extent 309p
942 ## - ADDED ENTRY ELEMENTS (KOHA)
Institution code [OBSOLETE] BK
Holdings
Withdrawn status Lost status Damaged status Not for loan Collection code Permanent Location Current Location Date acquired Cost, normal purchase price Total Checkouts Full call number Barcode Date last seen Date last checked out Price effective from Koha item type
        School of Animation (Noida) MUIT-NOIDA MUIT-NOIDA 2018-07-30 1433.00 1 791.433 BEC/A ANM00300 2023-05-15 2023-05-08 2018-07-30 Book

All Rights Reserved@MUIT

Powered by Koha